Introduction to structural analysis and design /

This book presents to readers about structural analysis and design.

Gorde:
Xehetasun bibliografikoak
Egile nagusia: Rajan, Subramaniam D.
Formatua: Liburua
Hizkuntza:English
Argitaratua: New York : John Wiley and Sons, 2001.
Gaiak:
Etiketak: Etiketa erantsi
Etiketarik gabe, Izan zaitez lehena erregistro honi etiketa jartzen!
Thư viện lưu trữ: Mạng thư viện Đại học Đà Nẵng
LEADER 01230cam a2200373 i 4500
001 000048897
003 8623
005 20180117091116.0
008 010324b2001 vm 000 eng
020 |a 047131997X 
040 |a LRCC  |c LRCC  |d LRCC 
041 0 |a eng 
082 1 4 |a 624.171  |b RA-S 
100 1 |a Rajan, Subramaniam D. 
245 0 0 |a Introduction to structural analysis and design /  |c S. D. Rajan. 
260 |a New York :  |b John Wiley and Sons,  |c 2001. 
300 |a 700 p. ;  |c 25cm. 
520 3 |a This book presents to readers about structural analysis and design. 
630 0 4 |a Engineering. 
630 0 4 |a Structural analysis. 
650 0 4 |a Structural design. 
650 0 4 |a Structural analysis (Engineering) 
OWN |a DUT 
AVA |a UDN50  |b DUT  |c Book  |d 624.171 RA-S  |e available  |t Error 5001 Not defined in file expand_doc_bib_avail.  |f 1  |g 0  |h N  |i 0  |j SH  |k 1 
999 |a From the UDN01 
AVA |a UDN50  |b DUT  |c Book  |d 624.171 RA-S  |e available  |t Error 5001 Not defined in file expand_doc_bib_avail.  |f 1  |g 0  |h N  |i 0  |j SH  |k 1 
TYP |a Monograph 
TYP |a Printed language 
980 |a Mạng thư viện Đại học Đà Nẵng